Filosofía de la cultura
Saved in:
| Hovedforfatter: | |
|---|---|
| Format: | Bog |
| Sprog: | spansk |
| Udgivet: |
Madrid
Trotta
1998
|
| Udgivelse: | 1a. ed |
| Serier: | Enciclopedia Iberoamericana de Filosofía, 15
|
| Fag: | |
| Tags: |
Tilføj Tag
Ingen Tags, Vær først til at tagge denne postø!
|
MARC
| LEADER | 00000cam a2200000 a 4500 | ||
|---|---|---|---|
| 001 | UCP4123 | ||
| 003 | CL-VaPUC | ||
| 008 | 990724e19980000SP |||||||||||||||||spa|d | ||
| 020 | |a 8481641944 | ||
| 082 | 0 | 4 | |a 306 |b SOB |2 21 |
| 100 | 0 | |a Sobrevilla, David |e author |9 431549 | |
| 245 | 1 | 0 | |a Filosofía de la cultura |
| 250 | |a 1a. ed | ||
| 300 | |a 278 p | ||
| 942 | |c BK | ||
| 945 | |d 19990724 00:00:00 |a rbrito | ||
| 260 | |a Madrid |b Trotta |c 1998 | ||
| 650 | 0 | |a Cultura |9 269059 | |
| 650 | 0 | |a Filosofía cultural |9 312300 | |
| 650 | 0 | |a Relativismo |9 322356 | |
| 650 | 0 | |a Ética |9 255099 | |
| 650 | 0 | |a Biología |9 262022 | |
| 583 | |a last modification |c 20150731 03:57:27 |k Rodrigo Vera | ||
| 490 | 0 | |a Enciclopedia Iberoamericana de Filosofía, 15 | |
| 999 | |c 282188 |d 282186 | ||
| 952 | |0 0 |1 0 |4 0 |6 306_000000000000000_SOB_1998 |7 0 |8 A |9 323699 |a BIBTEO |b BIBTEO |d 2019-11-20 |i 3525937 |o 306 SOB 1998 |p 3525937 |r 2025-01-17 |w 2019-11-20 |y BK |k ICR | ||
| 952 | |0 0 |1 0 |3 erb |4 0 |6 306_000000000000000_SOB_1998 |7 0 |8 A |9 323700 |a BIBEDU |b BIBEDU |i 5192986 |o 306 SOB 1998 |p 5192986 |r 2019-11-20 |w 2019-11-20 |y BK |z Catalogado en:20150806 |k FIL | ||